Ordenamiento jurídico del Mercosur
Guardat en:
| Autor principal: | |
|---|---|
| Format: | Llibre |
| Idioma: | espanyol |
| Publicat: |
Asunción
Intercontinental
1995
|
| Matèries: | |
| Etiquetes: |
Afegir etiqueta
Sense etiquetes, Sigues el primer a etiquetar aquest registre!
|
MARC
| LEADER | 00000nam a2200000 a 4500 | ||
|---|---|---|---|
| 001 | UCS6083 | ||
| 003 | CL-VaPUC | ||
| 008 | 970912e19950000PY |||||||||||||||||spa|d | ||
| 082 | 0 | 4 | |a 341.754 |b GAL |2 21 |
| 100 | 0 | |a Galeano Perrone, Carlos |e author |9 391537 | |
| 245 | 1 | 0 | |a Ordenamiento jurídico del Mercosur |
| 300 | |a 575 p | ||
| 942 | |c BK | ||
| 945 | |d 19970912 00:00:00 |a rleighto | ||
| 260 | |a Asunción |b Intercontinental |c 1995 | ||
| 600 | 0 | 7 | |a MERCOSUR |2 CL-VaPUC |9 330918 |
| 650 | 0 | |a Ordenamiento jurídico |9 355371 | |
| 650 | 0 | |a Integración regional |9 376371 | |
| 650 | 0 | |a Organizaciones internacionales |9 329196 | |
| 650 | 0 | |a Integración económica |9 255024 | |
| 650 | 0 | |a Economía internacional |9 258254 | |
| 650 | 7 | |a COMERCIO INTERNACIONAL |2 CL-VaPUC |9 391538 | |
| 650 | 0 | |a Acuerdos comerciales |9 337377 | |
| 583 | |a last modification |c 19970912 00:00:00 |k Rodrigo Vera | ||
| 999 | |c 262083 |d 262081 | ||
| 952 | |0 0 |1 0 |4 0 |6 341_754000000000000_GAL_1995 |7 0 |8 A |9 290257 |a BIBDER |b BIBDER |d 2019-11-19 |i 3224600 |o 341.754 GAL 1995 |p 3224600 |r 2023-01-25 |w 2019-11-19 |y BK |k DER | ||